000 00317nam a22001337a 4500
008 180104b xxu||||| |||| 00| 0 eng d
020 _a9781558609068
041 _aeng
080 _a721
100 _a41
101 _aARK
245 _aWeb Services and Service-Oriented Architectures
_cBarry, D.K
942 _2udc
_cBK
999 _c39741
_d39741